Madame bovary cest moi

保存先:
書誌詳細
フォーマット: 図書
タグ: タグ追加
タグなし, このレコードへの初めてのタグを付けませんか!
Thư viện lưu trữ: Mạng thư viện Đại học Đà Nẵng
LEADER 00409nam a22001691a 4500
001 000040467
003 16762
005 20160412023221.0
008 160412s0 000
082 |a A23140-41 
245 |a Madame bovary cest moi  |c Andre Bernard 
OWN |a LNN 
999 |a From the UDN01 
TYP |a Monograph 
980 |a Mạng thư viện Đại học Đà Nẵng